| 000 | 01626nam a2200373 a 4500 | ||
|---|---|---|---|
| 001 | 000988063 | ||
| 003 | AM-YeHGA | ||
| 005 | 20250617150304.0 | ||
| 008 | 131017s2012 au r 000 0 eng d | ||
| 020 | _a9783700173076 | ||
| 040 | _aAM-YeHGA | ||
| 041 | 0 | _aeng | |
| 245 | 0 | 0 |
_aByzantine war ideology between Roman imperial concept and Christian religion : _bAkten des Internationalen Symposiums (Wien, 19.-21. Mai 2011) / _cEdited by Johannes Koder und Ioannis Stouraitis. |
| 260 |
_aWien : _bVerlag der Österreichischen Akademie der Wissenschaften, _c2012. |
||
| 300 |
_a137 p. ; _c30 cm. |
||
| 490 | 1 |
_aDenkschriften / Österreichische Akademie der Wissenschaften. Philosophisch-Historische Klasse _vBd. 452 |
|
| 490 | 1 |
_aVeröffentlichungen zur Byzanzforschung _vBd. 30 |
|
| 500 | _aInternational conference proceedings | ||
| 504 | _aIncludes bibliogr. references :( p. 133-134) and index | ||
| 650 | 1 | 4 |
_aTheological anthropology _xChristianity _xHistory of doctrines |
| 650 | 1 | 4 |
_aChristian sociology _xHiostory |
| 650 | 1 | 4 |
_aChristian literature _xHistory and criticism |
| 650 | 1 | 4 |
_aLatin literature _xHistory and criticism |
| 650 | 1 | 4 |
_aCivilization _xRoman influences |
| 651 | 4 |
_aByzantine Empire _xHistory, Military |
|
| 651 | 4 |
_aRome _xReligion |
|
| 651 | 4 |
_aRome _xHistory |
|
| 651 | 4 |
_aRome _xPolitics and government |
|
| 700 | 1 |
_aKoder,Johannes _4edt |
|
| 700 | 1 |
_aStouraitis, Joannis _4edt |
|
| 830 | 0 |
_aDenkschriften (Österreichische Akademie der Wissenschaften. Philosophisch-Historische Klasse) _vBd. 542 |
|
| 830 | 0 |
_aVeröffentlichungen zur Byzanzforschung _vBd. 30 |
|
| 090 | _c329764 | ||
| 999 |
_c328011 _d328011 |
||